| 000 | 00520cam a22001457a 4500 | ||
|---|---|---|---|
| 020 | _a3704501255 | ||
| 082 |
_a363.7387 _bNAT |
||
| 100 | 1 |
_aGrübler, Arnulf, _938156 |
|
| 245 | 1 | 0 |
_aInternational burden sharing in greenhouse gas reduction / _cArnulf Grübler and Nebojša Nakićenović. |
| 260 |
_aLaxenburg, Austria : _bInternational Institute for Applied Systems Analysis, _c[1992] |
||
| 300 |
_aiii, 96 p. : _bill. ; _c24 cm. |
||
| 526 |
_a0 _b0 _c0 _d363_738700000000000_NAT |
||
| 650 |
_aNUST _96342 |
||
| 942 |
_2ddc _cBK |
||
| 999 |
_c542806 _d542806 |
||